|
|
|
|
| LEADER |
00000nam a2200000 a 4500 |
| 001 |
vtls011624153 |
| 003 |
SK-MaSNL |
| 005 |
20260302015607.0 |
| 007 |
co bg auuua |
| 008 |
240318s2015 xo | fsp 000 0 slo |
| 015 |
|
|
|a SNBS2017
|
| 020 |
|
|
|a 9788055324272
|q (elektronická kniha)
|
| 040 |
|
|
|a SNK
|b slo
|c SNK
|e AACR2
|
| 041 |
0 |
|
|a slo
|
| 044 |
|
|
|a xo
|c SK
|
| 072 |
|
7 |
|a 378
|x Vysoké školy
|2 konspekt
|
| 072 |
|
7 |
|a 808
|x Literárny štýl. Literárna činnosť a technika. Efektívne využívanie jazyka. Spisovateľská činnosť
|2 konspekt
|
| 080 |
|
|
|a 378
|2 2011
|
| 080 |
|
|
|a 37.091.3
|2 2011
|
| 080 |
|
|
|a 808.5
|2 2011
|
| 080 |
|
|
|a (075.8)
|2 2011
|
| 080 |
|
|
|a (0.034.44)
|2 2011
|
| 100 |
1 |
|
|a Navrátilová, Daniela,
|d 1953-
|4 aut
|9 108095
|
| 245 |
1 |
0 |
|a Technika štúdia a rétorika
|h elektronický zdroj
|c Daniela Navrátilová
|
| 250 |
|
|
|a Vyd.: štvrté
|
| 260 |
|
|
|a Prešov
|b FVT TU v Košiciach so sídlom v Prešove
|c 2015
|
| 300 |
|
|
|a 1 elektronický optický disk (CD-ROM)
|c 12 cm
|
| 500 |
|
|
|a Názov z titulnej obrazovky
|
| 504 |
|
|
|a Bibliogr. odkazy
|
| 516 |
|
|
|a Textový dokument (učebnica), súbor vo formáte pdf
|
| 538 |
|
|
|a Technické požiadavky: PDF prehliadač
|
| 650 |
0 |
7 |
|a vysokoškolské štúdium
|2 SNKPH
|9 4044
|
| 650 |
0 |
7 |
|a štúdium a výučba
|2 SNKPH
|9 3982
|
| 650 |
0 |
7 |
|a rétorika
|2 SNKPH
|9 989
|
| 650 |
0 |
7 |
|a College study
|2 SNKPHeng
|9 265848
|
| 650 |
0 |
7 |
|a Study and teaching
|2 SNKPHeng
|9 265408
|
| 650 |
0 |
7 |
|a Rhetoric
|2 SNKPHeng
|9 287869
|
| 655 |
|
7 |
|a elektronické zdroje
|2 SNKPH
|9 90954
|
| 655 |
|
7 |
|a CD-ROM
|2 SNKPH
|9 70236
|
| 655 |
|
7 |
|a učebnice vysokých škôl
|2 SNKPH
|9 70191
|
| 655 |
|
7 |
|a Electronic resources
|2 SNKPHeng
|9 175546
|
| 655 |
|
7 |
|a Textbooks (higher)
|2 SNKPHeng
|9 276436
|
| 710 |
2 |
|
|a Technická univerzita v Košiciach.
|b Fakulta výrobných technológií v Prešove
|4 pbl
|9 176111
|
| 919 |
|
|
|a 978-80-553-2427-2
|
| 958 |
|
|
|a NB
|
| 999 |
|
|
|c 1021818
|d 1023748
|
| 952 |
|
|
|a SNK
|b SNK
|y PREZ
|7 0
|p 17A1255694
|o snkSCDM 9191
|i snk2017/9116
|8 0
|0 0
|1 0
|4 0
|d 2017-04-19
|l 0
|r 2026-02-24 13:26:56
|w 2026-02-24
|